Statistics for Provinces of Canada by Capital

Click here to take the quiz!

General Stats

  • This quiz has been taken 31 times
  • The average score is 12 of 13

Answer Stats

HintAnswer% Correct
EdmontonAlberta
100%
HalifaxNova Scotia
100%
Quebec CityQuebec
100%
TorontoOntario
96%
CharlottetownPrince Edward Island
96%
ReginaSaskatchewan
96%
VictoriaBritish Columbia
92%
St. John;sNewfoundland and Labrador
92%
WinnipegManitoba
88%
WhitehorseYukon
88%
FrederictonNew Brunswick
85%
YellowknifeNorthwest Territories
85%
IqaluitNunavut
85%

Score Distribution

Percentile by Number Answered

Percent of People with Each Score

Your Score History

You have not taken this quiz